Die Mexikanische Gastronomie mit den Augen einer European

Bibliographic Details
Main Author: Sipos Máté
Other Authors: Stroh Péter
Format: Thesis
Kulcsszavak:Mexikó
Gasztronomia
Gastronomie
Online Access:http://dolgozattar.uni-bge.hu/13078

MARC

LEADER 00000nta a2200000 i 4500
001 dolg13078
005 20180227130454.0
008 171127suuuu hu om 000 ger d
040 |a BGE Dolgozattár Repozitórium  |b hun 
041 |a de 
100 1 |a Sipos Máté 
245 1 4 |a Die Mexikanische Gastronomie mit den Augen einer European  |c Sipos Máté  |h [elektronikus dokumentum] 
695 |a Mexikó  
695 |a Gasztronomia  
695 |a Gastronomie 
700 1 |a Stroh Péter  |e ths 
856 4 0 |u http://dolgozattar.uni-bge.hu/13078/1/diplomarbeit2.pdf  |z Dokumentum-elérés